Divine madness / (Record no. 3039)

MARC details
000 -LEADER
fixed length control field 01614cam a22003977a 4500
001 - CONTROL NUMBER
control field 3039
003 - CONTROL NUMBER IDENTIFIER
control field FISKH
005 - DATE AND TIME OF LATEST TRANSACTION
control field 20240131150038.0
008 - FIXED-LENGTH DATA ELEMENTS--GENERAL INFORMATION
fixed length control field 091026s2006 enk j 000 1 eng
010 ## - LIBRARY OF CONGRESS CONTROL NUMBER
LC control number 2009517251
015 ## - NATIONAL BIBLIOGRAPHY NUMBER
National bibliography number GBA610368
Source bnb
016 7# - NATIONAL BIBLIOGRAPHIC AGENCY CONTROL NUMBER
Record control number 013370656
Source Uk
020 ## - INTERNATIONAL STANDARD BOOK NUMBER
International Standard Book Number 0340894342 (pbk.)
020 ## - INTERNATIONAL STANDARD BOOK NUMBER
International Standard Book Number 9780340894347 (pbk.)
020 ## - INTERNATIONAL STANDARD BOOK NUMBER
International Standard Book Number 9780340894347
035 ## - SYSTEM CONTROL NUMBER
System control number (OCoLC)ocm62796249
040 ## - CATALOGING SOURCE
Original cataloging agency UKM
Transcribing agency UKM
Modifying agency BAKER
-- VP@
-- NZWPM
-- DLC
Language of cataloging eng
042 ## - AUTHENTICATION CODE
Authentication code ukblcatcopy
-- lccopycat
050 00 - LIBRARY OF CONGRESS CALL NUMBER
Classification number PZ7.M869647
Item number Di 2006
082 04 - DEWEY DECIMAL CLASSIFICATION NUMBER
Classification number 823.92
Edition number 22
100 1# - MAIN ENTRY--PERSONAL NAME
Personal name Muchamore, Robert.
245 10 - TITLE STATEMENT
Title Divine madness /
Statement of responsibility, etc. Robert Muchamore.
250 ## - EDITION STATEMENT
Edition statement This edition published 2014
260 ## - PUBLICATION, DISTRIBUTION, ETC.
Place of publication, distribution, etc. London :
Name of publisher, distributor, etc. Hodder Children's,
Date of publication, distribution, etc. 2006.
300 ## - PHYSICAL DESCRIPTION
Extent 367 pages :
Dimensions 20 cm
490 0# - SERIES STATEMENT
Series statement CHERUB ;
Volume/sequential designation Book 5
520 ## - SUMMARY, ETC.
Summary, etc. "When CHERUB uncovers a link between eco-terrorist group Help Earth and a wealthy religious cult known as The Survivors, James is sent to their isolatated outback headquarters on an infiltration mission. It's a thousand kilometers to the closest town, and James is under massive pressure from the cult's brainwashing techniques. This time he's not just fighting terrorists ... he's fightingfor his own mind"--Dust jacket.
650 #0 - SUBJECT ADDED ENTRY--TOPICAL TERM
Topical term or geographic name entry element CHERUB (Imaginary organization)
Form subdivision Juvenile fiction.
650 #0 - SUBJECT ADDED ENTRY--TOPICAL TERM
Topical term or geographic name entry element Espionage
Form subdivision Juvenile fiction.
650 #0 - SUBJECT ADDED ENTRY--TOPICAL TERM
Topical term or geographic name entry element Ecoterrorism
Form subdivision Juvenile fiction.
650 #0 - SUBJECT ADDED ENTRY--TOPICAL TERM
Topical term or geographic name entry element Cults
Geographic subdivision Australia
Form subdivision Juvenile fiction.
655 #7 - INDEX TERM--GENRE/FORM
Genre/form data or focus term Spy stories.
Source of term gsafd
655 #0 - INDEX TERM--GENRE/FORM
Genre/form data or focus term Children's stories.
906 ## - LOCAL DATA ELEMENT F, LDF (RLIN)
a 7
b cbc
c copycat
d 2
e ncip
f 20
g y-gencatlg
942 ## - ADDED ENTRY ELEMENTS (KOHA)
Source of classification or shelving scheme Dewey Decimal Classification
Koha item type Books
Suppress in OPAC No
Holdings
Withdrawn status Lost status Source of classification or shelving scheme Damaged status Not for loan Collection Home library Current library Shelving location Date acquired Total Checkouts Full call number Barcode Date last seen Price effective from Koha item type
    Dewey Decimal Classification     Fiction Footprints International School Library Network Toul Kork Campus Footprints International School Library Network Toul Kork Campus   01/31/2024   MUC Fic PZ7.M869647 FISSE02586 01/31/2024 01/31/2024 Books